|
|
|
|
| LEADER |
02754nam a2200769 i 4500 |
| 001 |
nkc20223403071 |
| 003 |
CZ PrNK |
| 005 |
20220603144916.0 |
| 007 |
ta |
| 008 |
220321s2022 xr f 001 0 cze |
| 015 |
|
|
|a cnb003403071
|
| 020 |
|
|
|a 978-80-7172-502-2
|q (vázáno)
|
| 035 |
|
|
|a (OCoLC)1329409173
|
| 040 |
|
|
|a ABA001
|b cze
|d BOA001
|e rda
|
| 041 |
0 |
|
|a cze
|b eng
|
| 072 |
|
7 |
|a 2-23/-27
|x Bible. Biblistika
|2 Konspekt
|9 5
|
| 080 |
|
|
|a 27-243.63
|2 MRF
|
| 080 |
|
|
|a 26-23
|2 MRF
|
| 080 |
|
|
|a 27-277.2
|2 MRF
|
| 080 |
|
|
|a 27-278
|2 MRF
|
| 080 |
|
|
|a 801.73
|2 MRF
|
| 080 |
|
|
|a 2-58
|2 MRF
|
| 080 |
|
|
|a 2-53
|2 MRF
|
| 080 |
|
|
|a 279.13/.14-1
|2 MRF
|
| 080 |
|
|
|a (048.8)
|2 MRF
|
| 080 |
|
|
|a (0:82-97)
|2 MRF
|
| 100 |
1 |
|
|a Beneš, Jiří,
|d 1961-
|7 jn20011210255
|4 aut
|4 cwt
|
| 245 |
1 |
0 |
|a Žalmy (1-30) :
|b hlas duše /
|c Jiří Beneš
|
| 246 |
3 |
0 |
|a Hlas duše
|
| 250 |
|
|
|a Vydání první
|
| 264 |
|
1 |
|a Praha :
|b Advent-Orion, spol. s r.o.,
|c 2022
|
| 300 |
|
|
|a 439 stran ;
|c 25 cm
|
| 336 |
|
|
|a text
|b txt
|2 rdacontent
|
| 337 |
|
|
|a bez média
|b n
|2 rdamedia
|
| 338 |
|
|
|a svazek
|b nc
|2 rdacarrier
|
| 490 |
1 |
|
|a Bible pro dnešek. Studijní řada
|
| 500 |
|
|
|a "Edici biblických komentářů "Bible pro dnešek" vydává nakladatelství Advent-Orion pro Adventistický teologický institut"--Zadní strana obálky
|
| 504 |
|
|
|a Obsahuje bibliografii, bibliografické odkazy a rejstřík
|
| 546 |
|
|
|a Anglické resumé
|
| 630 |
0 |
7 |
|a Bible.
|p Žalmy
|7 unn2006374768
|2 czenas
|
| 630 |
0 |
9 |
|a Bible.
|p Psalms
|2 eczenas
|
| 650 |
0 |
7 |
|a biblické texty
|7 ph118860
|2 czenas
|
| 650 |
0 |
7 |
|a biblická exegeze
|7 ph118844
|2 czenas
|
| 650 |
0 |
7 |
|a biblická teologie
|7 ph118851
|2 czenas
|
| 650 |
0 |
7 |
|a textová analýza
|7 ph126628
|2 czenas
|
| 650 |
0 |
7 |
|a spiritualita
|7 ph116237
|2 czenas
|
| 650 |
0 |
7 |
|a bohoslužby
|7 ph114183
|2 czenas
|
| 650 |
0 |
7 |
|a adventistická teologie
|7 ph1097783
|2 czenas
|
| 650 |
0 |
9 |
|a Biblical texts
|2 eczenas
|
| 650 |
0 |
9 |
|a Biblical exegesis
|2 eczenas
|
| 650 |
0 |
9 |
|a Biblical theology
|2 eczenas
|
| 650 |
0 |
9 |
|a textual criticism
|2 eczenas
|
| 650 |
0 |
9 |
|a spirituality
|2 eczenas
|
| 650 |
0 |
9 |
|a worships
|2 eczenas
|
| 650 |
0 |
9 |
|a Adventist theology
|2 eczenas
|
| 655 |
|
7 |
|a monografie
|7 fd132842
|2 czenas
|
| 655 |
|
7 |
|a náboženské texty
|7 fd914162
|2 czenas
|
| 655 |
|
9 |
|a monographs
|2 eczenas
|
| 655 |
|
9 |
|a religious texts
|2 eczenas
|
| 730 |
0 |
|
|i Vybráno z první knihy:
|a Bible.
|p Žalmy.
|l Česky
|7 unn2006374770
|
| 710 |
2 |
|
|a Adventistický teologický institut
|7 mzk2017941624
|4 isb
|
| 830 |
|
0 |
|a Bible pro dnešek.
|p Studijní řada
|0 s
|
| 910 |
2 |
|
|a BOA001
|b 2-1486.907
|
| 990 |
|
|
|a BK
|
| 995 |
|
|
|a 01
|
| 991 |
|
|
|b 202205
|c NOV
|
| 996 |
6 |
|
|b 2610902720
|c 2-1486.907
|l MZK
|r Sklad / do 1 hodiny
|n 0
|p p.v.
|w 001886525
|u 000010
|a 1
|e BOA001
|j MZK50
|s P
|